[Event "Wch Seniors 08th"]
[Site "Grieskirchen"]
[Date "1998.11.19"]
[Round "9"]
[White "Glaser, Heinz Alfred"]
[Black "Hinum, Viktor"]
[Result "1-0"]
[WhiteElo "1680"]
[BlackElo "1388"]
[PlyCount "121"]
[EventDate "1998.11.08"]
[EventType "swiss"]
[EventRounds "11"]
[EventCountry "AUT"]
[SourceTitle "CBM 067 Extra"]
[Source "ChessBase"]
[SourceDate "1999.01.01"]
[SourceVersion "1"]
[SourceVersionDate "1999.01.01"]
[SourceQuality "1"]

1. e4 e5 2. d4 exd4 3. c3 dxc3 4. Bc4 Nc6 5. Nf3 h6 6. 0-0 d6 7. Nxc3 Be6 8. Bxe6 fxe6 9. Qb3 Qc8 10. Be3 b6 11. Nh4 Nge7 12. f4 g6 13. f5 gxf5 14. exf5 exf5 15. Rae1 Qd7 16. Qb5 0-0-0 17. Nxf5 Nxf5 18. Rxf5 Kb7 19. Ref1 Qe6 20. Qd3 Bg7 21. Rf7 Bxc3 22. Qxc3 Rhg8 23. g3 Rde8 24. Bd2 Qxa2 25. Bxh6 Re2 26. Bd2 Qd5 27. R7f2 Rge8 28. Rxe2 Rxe2 29. Rf2 Rxf2 30. Kxf2 Qf5+ 31. Qf3 Qxf3+ 32. Kxf3 Kc8 33. Kf4 Kd7 34. Kf5 Ke7 35. h4 Kf7 36. g4 Ne7+ 37. Kg5 d5 38. Bc3 c5 39. Be5 d4 40. h5 d3 41. Bc3 c4 42. h6 Kg8 43. Bd2 Kh7 44. Kf6 Ng6 45. g5 Nh4 46. Kf7 Ng6 47. Ke6 a5 48. Kd5 b5 49. Bxa5 Nh4 50. Ke4 Kg6 51. Bd2 Nf5 52. Kf4 Nd4 53. Ke3 Nc2+ 54. Ke4 b4 55. Bc1 Na1 56. Bd2 Nc2 57. Bc1 Na1 58. Bd2 Nb3 59. Bxb4 d2 60. Bxd2 Nxd2+ 61. Kd4 1-0

[Event "Wch Seniors 08th"]
[Site "Grieskirchen"]
[Date "1998.11.12"]
[Round "4"]
[White "Hinum, Viktor"]
[Black "Naerr, Helmut"]
[Result "1/2-1/2"]
[WhiteElo "1388"]
[BlackElo "1700"]
[PlyCount "95"]
[EventDate "1998.11.08"]
[EventType "swiss"]
[EventRounds "11"]
[EventCountry "AUT"]
[SourceTitle "CBM 067 Extra"]
[Source "ChessBase"]
[SourceDate "1999.01.01"]
[SourceVersion "1"]
[SourceVersionDate "1999.01.01"]
[SourceQuality "1"]

1. e4 c5 2. Nf3 d6 3. Nc3 a6 4. d4 cxd4 5. Nxd4 Nf6 6. Bd3 e5 7. Nb3 Be6 8. 0-0 Qc7 9. f4 Nbd7 10. f5 Bc4 11. Qe2 Bxd3 12. Qxd3 b5 13. a3 Nb6 14. Be3 Nc4 15. Rab1 Nxe3 16. Qxe3 Qa7 17. Qxa7 Rxa7 18. h3 Be7 19. g4 h6 20. Nd2 Rc7 21. Rbc1 Kd7 22. Nf3 Rhc8 23. Rfd1 Ke8 24. Ne1 Rc4 25. Nd5 Rxe4 26. Nxe7 Kxe7 27. Kf2 Rf4+ 28. Kg2 Rfc4 29. c3 a5 30. Nd3 Nd7 31. Rc2 f6 32. Rcd2 Nb6 33. Nc1 d5 34. Ne2 R4c6 35. b3 R8c7 36. Rd3 Rd7 37. h4 Rcd6 38. g5 hxg5 39. hxg5 fxg5 40. Rg3 Kf6 41. Rh1 d4 42. cxd4 exd4 43. Rh5 d3 44. Nc3 d2 45. Rhxg5 d1Q 46. Nxd1 Nd5 47. Nf2 Ne3+ 48. Kg1 1/2-1/2